000 02151nam2a2200349 4500
001 RU\NLR\BIBL_A\022627837
005 20260426071659.0
010 _a978-5-908015-09-7
_9500
021 _aRU
_bКН-П-25-045211
_9КН-П-25-4392
035 _a(NLR Aleph) 022627837
090 _a13692085
_c13692085
100 _a20250922d2025 u y0rusy50 ca
101 0 _arus
102 _aRU
105 _aabchz|||010cb
200 1 _aЖизнь замечательных лесоводов
_eГеоргий Иванович Редько
_eк 95-летию со дня рождения
_fКонюшатов О. А., Бабич Н. А., Мерзленко М. Д. [и др.]
210 _d2025
215 _a133 с.
_cил., цв. ил., портр., карты, факс., табл.
300 _aНа 10-й с. авт.: Конюшатов О. А., канд. с.-х. наук, доц., Бабич Н. А., д-р с.-х. наук, проф., Мерзленко М. Д., д-р с.-х. наук, проф.
300 _aАвт. указаны на обороте тит. с.
461 0 _1001RU\NLR\BIBL_A\016230711
_12001#$aИстория лесоводства$fпод ред. С. А. Корчагова [и др.]$vВып. 5
_912766538
_cМосква
_d2022
_fпод ред. С. А. Корчагова [и др.]
_nТоварищество научных изданий КМК
_tИстория лесоводства
_vВып. 5
600 1 _aРедько
_bГ.И.
_f1930 - 2011
_gГеоргий Иванович
_92344534
_3RU\NLR\AUTH\661401150
606 1 _aЛесоводы
_xБиографии
_yСССР
_92359857
_3RU\NLR\AUTH\6601631693
686 1 _aП34д(2)Редько
686 1 _aП34д(2)
701 1 _7ca
_8rus
_aБабич
_bН. А.
_f1947-
_gНиколай Алексеевич
_9235554
_3RU\NLR\AUTH\770235610
701 1 _aМерзленко
_bД. А.
_f1946-
_gМихаил Дмитриевич
702 1 _aРедько
_bГ. И.
_f1930-2011
_gГеоргий Иванович
_4280
942 _cBOOK
980 _aNB